Trouvez le mot ayant un rapport avec les 3 autres - Statistiques

Statistiques générales
  • Ce quiz a été pris 210 fois
  • Le résultat moyen est 8 sur 23
Statistiques - réponses
les trois mots mot à trouver % Correct
neige-pétanque-flipper boule
83%
serial killer
64%
beauté-flottante-France île
62%
rôle-paume-hasard jeu
54%
chemin-fil-cheval fer
53%
gare-Orsay-Orfèvres quai
53%
jour-arrivée-alphabétique ordre
49%
chambre-bol-courant air
48%
télévision-fumée-ordinateur écran
46%
midi-minuit-salsa démon
41%
coup-poignée-maître main
37%
vue-barrière-malade garde
27%
pied-voiture-cheval course
26%
ville-maître-police hôtel
23%
camp-descente-rivière lit
23%
noces-table-travail nuit
22%
enfer-sénateur-vie train
17%
métro-papier-haricots rame
14%
restaurant-queue-lit wagon
12%
coup-larmes-encre sang
10%
oiseau-roulotte-moulin vent
9%
air-honneur-évangile parole
6%
gaz-prix-magasin usine
2%
Aucun quiz correspondant
Distribution des résultats
% des personnes avec chaque résultat
Percentile par nombre de réponses
Votre historique - résultats
Vous n’avez pas pris ce quiz